If At First You Don't Succeed... Quiz Stats

 Plays Quiz Updated Oct 25, 2017

Challenge
Share
Tweet
Embed
Score 0/59 Timer 10:00
6 Plays Today
Category Answers % Correct
Largest Planet
  
???
95.6%
     Other Planets     ???
92.5%
   Other Planets   ???
92.1%
    Other Planets    ???
91.6%
Highest Ranked
Poker Hand 
???
89.2%
Purple Masked Teenage
Mutant Ninja Turtle 
???
89.2%
Color of the middle
Olympic Ring 
???
89%
  Other Hands  ???
86.6%
  Other Planets  ???
86.1%
    Other Hands    ???
83.4%
Last Country
Alphabetically 
???
83.2%
    Other Countries    ???
83.1%
     Other Countries     ???
83.1%
   Other Hands   ???
82.8%
   Other Countries   ???
81.5%
Youngest
N*Sync Member 
???
80.4%
     Other Members     ???
79%
    Other Members    ???
77.8%
  Other Countries  ???
77.7%
   Other Members   ???
75.6%
First Sign of the
Zodiac Alphabetically 
???
74.8%
    Other Turtles    ???
74.1%
   Other Turtles   ???
73.9%
     Other signs     ???
73.6%
  Other Turtles  ???
72.5%
   Other signs   ???
71.8%
Spice Girl with
Most Solo UK No. 1's 
???
71.7%
    Other signs    ???
71.2%
Most Western
New England State 
???
69.7%
Youngest Brady
Bunch Child 
???
62.5%
Category Answers % Correct
     Other NE States     ???
61.6%
  Other Members  ???
61.3%
First Country
Alphabetically 
???
60.7%
      Other Children      ???
60.6%
    Other Children    ???
60.3%
     Other Children     ???
59.5%
     Other countries     ???
59%
   Other Children   ???
58%
    Other countries    ???
57.3%
  Other Children  ???
56.7%
   Other countries   ???
55.3%
    Other NE States    ???
51.8%
  Other rings  ???
51.5%
    Other Spice Girls    ???
50.9%
      Other NE States      ???
50.2%
  Other Spice Girls  ???
49.7%
    Other rings    ???
48.9%
  Other countries  ???
46%
   Other Spice Girls   ???
45.5%
   Other rings   ???
44.3%
     Other Spice Girls     ???
44%
Last Railroad Square
in Monopoly 
???
44%
  Other NE States  ???
39.4%
  Other signs  ???
39%
     Other rings     ???
37%
   Other NE States   ???
28.9%
    Other railroads    ???
28.8%
  Other railroads  ???
26.7%
   Other railroads   ???
25.7%

You're not logged in!

Compare scores with friends on all Sporcle quizzes.
OR
Log In

You Might Also Like...

Show Comments

Extras

Top Quizzes Today


Score Distribution

Your Account Isn't Verified!

In order to create a playlist on Sporcle, you need to verify the email address you used during registration. Go to your Sporcle Settings to finish the process.

Report this User

Report this user for behavior that violates our Community Guidelines.

Details: